Geography Quiz

Random Geography or City Quiz

US State by City Quiz Stats

 Plays Quiz Updated Feb 27, 2019

Score 0/297 Timer 14:00
0 Plays Today
City State % Correct
Los AngelesCalifornia
80%
San FranciscoCalifornia
79.8%
New YorkNew York
79.7%
San DiegoCalifornia
79.7%
HoustonTexas
79.7%
DallasTexas
79.7%
Las VegasNevada
79.5%
PhoenixArizona
79.5%
AustinTexas
79.4%
MiamiFlorida
79.4%
Oklahoma CityOklahoma
79.4%
HonoluluHawaii
79.3%
Kansas City*MO, KS
79.2%
SacramentoCalifornia
79.2%
OrlandoFlorida
79.2%
ChicagoIllinois
79.2%
DenverColorado
79.1%
TampaFlorida
78.9%
BostonMassachusetts
78.9%
AtlantaGeorgia
78.9%
SeattleWashington
78.9%
Colorado SpringsColorado
78.7%
Salt Lake CityUtah
78.7%
MemphisTennessee
78.6%
NashvilleTennessee
78.6%
DetroitMichigan
78.6%
IndianapolisIndiana
78.6%
San AntonioTexas
78.6%
North Las VegasNevada
78.3%
Jersey CityNew Jersey
78.3%
ClevelandOhio
78.3%
New OrleansLouisiana
78.2%
El PasoTexas
78.1%
PhiladelphiaPennsylvania
78.1%
BuffaloNew York
78%
Pasadena*TX, CA
78%
San JoseCalifornia
77.9%
AlbuquerqueNew Mexico
77.9%
PortlandOregon
77.9%
Columbus*OH, GA
77.8%
Little RockArkansas
77.8%
CincinnatiOhio
77.7%
Long BeachCalifornia
77.6%
MinneapolisMinnesota
77.5%
TallahasseeFlorida
77.5%
AnchorageAlaska
77.4%
Richmond*CA, VA
77.3%
BaltimoreMaryland
77.3%
PittsburghPennsylvania
77.2%
BoiseIdaho
77.2%
Baton RougeLouisiana
77.1%
OaklandCalifornia
77%
RaleighNorth Carolina
76.9%
Miami GardensFlorida
76.7%
Springfield*MO, MA, IL
76.7%
Fort LauderdaleFlorida
76.7%
Fort WorthTexas
76.6%
AnaheimCalifornia
76.6%
ProvidenceRhode Island
76.6%
TucsonArizona
76.6%
RenoNevada
76.5%
JacksonvilleFlorida
76.5%
Virginia BeachVirginia
76.3%
FresnoCalifornia
76.3%
Des MoinesIowa
76.3%
BirminghamAlabama
76.2%
CharlotteNorth Carolina
76.1%
NewarkNew Jersey
76.1%
St. LouisMissouri
76%
BerkeleyCalifornia
75.9%
OmahaNebraska
75.8%
Arlington*TX, VA
75.7%
HartfordConnecticut
75.5%
MontgomeryAlabama
75.4%
SyracuseNew York
75.4%
St. PaulMinnesota
75.2%
Santa ClaraCalifornia
75.2%
TopekaKansas
75.2%
SavannahGeorgia
75.2%
Rochester*NY, MN
75.1%
MilwaukeeWisconsin
74.9%
LincolnNebraska
74.9%
KnoxvilleTennessee
74.7%
LouisvilleKentucky
74.7%
Santa AnaCalifornia
74.7%
San BernardinoCalifornia
74.6%
WacoTexas
74.5%
AmarilloTexas
74.4%
MobileAlabama
74.3%
Green BayWisconsin
74.3%
LansingMichigan
74.2%
TulsaOklahoma
74.1%
MadisonWisconsin
74%
WichitaKansas
73.9%
Santa RosaCalifornia
73.4%
Corpus ChristiTexas
73.2%
Ann ArborMichigan
73.2%
DaytonOhio
73.1%
CharlestonSouth Carolina
72.7%
City State % Correct
Glendale*AZ, CA
72.7%
YonkersNew York
72.6%
AkronOhio
72.5%
Santa ClaritaCalifornia
72.5%
BurbankCalifornia
72.3%
SpokaneWashington
72.1%
ScottsdaleArizona
71.7%
JacksonMississippi
71.5%
ToledoOhio
71.5%
ChattanoogaTennessee
71.2%
OrangeCalifornia
71%
New HavenConnecticut
70.7%
St. PetersburgFlorida
70.5%
FargoNorth Dakota
70.5%
NorfolkVirginia
70.1%
Grand RapidsMichigan
69.9%
CambridgeMassachusetts
69.8%
IrvineCalifornia
69.6%
Huntington BeachCalifornia
69.6%
AthensGeorgia
69.4%
ModestoCalifornia
69.2%
BakersfieldCalifornia
69.1%
PlanoTexas
69.1%
TacomaWashington
68.9%
MesaArizona
68.8%
West Palm BeachFlorida
68.7%
SalemOregon
68.4%
EugeneOregon
68.3%
RiversideCalifornia
68.1%
LexingtonKentucky
68.1%
AugustaGeorgia
68.1%
Chula VistaCalifornia
68%
DurhamNorth Carolina
68%
OceansideCalifornia
67.9%
VenturaCalifornia
67.9%
Costa MesaCalifornia
67.6%
TempeArizona
67.6%
LaredoTexas
67.5%
BoulderColorado
67.5%
Santa MariaCalifornia
67.3%
LubbockTexas
67.1%
InglewoodCalifornia
66.9%
VallejoCalifornia
66.6%
Columbia*SC, MO
66.5%
Rancho CucamongaCalifornia
66.5%
GainesvilleFlorida
66.4%
EscondidoCalifornia
66.2%
Palm BayFlorida
66.1%
GreensboroNorth Carolina
66%
PomonaCalifornia
65.5%
Cape CoralFlorida
65.5%
South BendIndiana
65%
San MateoCalifornia
64.9%
Simi ValleyCalifornia
64.8%
BillingsMontana
64.8%
PalmdaleCalifornia
64.4%
Sioux FallsSouth Dakota
64.3%
SunnyvaleCalifornia
64.1%
Peoria*AZ, IL
64%
ShreveportLouisiana
63.8%
Fort WayneIndiana
63.7%
Aurora*CO, IL
63.5%
VancouverWashington
63.4%
AllentownPennsylvania
63.3%
Moreno ValleyCalifornia
63.1%
Thousand OaksCalifornia
62.8%
StocktonCalifornia
62.7%
North CharlestonSouth Carolina
62.6%
Coral SpringsFlorida
62.5%
AbileneTexas
62.5%
CoronaCalifornia
62.3%
El CajonCalifornia
62.2%
Winston-SalemNorth Carolina
62.1%
Pompano BeachFlorida
61.9%
SalinasCalifornia
61.9%
AlexandriaVirginia
61.7%
ClearwaterFlorida
61.4%
Las CrucesNew Mexico
61.3%
ProvoUtah
61.1%
VistaCalifornia
60.9%
FremontCalifornia
60.7%
San AngeloTexas
60.6%
WorcesterMassachusetts
60.4%
FullertonCalifornia
60.3%
HuntsvilleAlabama
60.2%
ChesapeakeVirginia
59.8%
El MonteCalifornia
59.3%
WashingtonDistrict of Columbia
59.2%
MidlandTexas
58.8%
IrvingTexas
58.3%
OdessaTexas
57.9%
StamfordConnecticut
57.8%
MesquiteTexas
57.5%
TorranceCalifornia
57.4%
BridgeportConnecticut
57.3%
Cedar RapidsIowa
57.2%
CarlsbadCalifornia
57.2%
Port St. LucieFlorida
56.6%
HollywoodFlorida
56.3%
City State % Correct
JolietIllinois
56.3%
GarlandTexas
56.2%
RialtoCalifornia
55.9%
MaconGeorgia
55.8%
TylerTexas
55.7%
OxnardCalifornia
55.6%
West CovinaCalifornia
55.5%
College StationTexas
55.1%
LafayetteLouisiana
54.9%
Jurupa ValleyCalifornia
54.6%
Newport NewsVirginia
54.3%
BrownsvilleTexas
53.6%
OntarioCalifornia
53.6%
PuebloColorado
52.9%
RockfordIllinois
52.8%
BeaumontTexas
52.8%
TemeculaCalifornia
52.8%
Garden GroveCalifornia
52.7%
EvansvilleIndiana
52.6%
LakelandFlorida
52.4%
FontanaCalifornia
52.2%
VisaliaCalifornia
52.1%
IndependenceMissouri
51.6%
Fort CollinsColorado
51.2%
NormanOklahoma
51.1%
DavenportIowa
50.9%
ClovisCalifornia
49.2%
McAllenTexas
49%
WaterburyConnecticut
48.7%
LowellMassachusetts
48.4%
KilleenTexas
48.1%
Broken ArrowOklahoma
47.8%
HaywardCalifornia
47.7%
ManchesterNew Hampshire
47.6%
RichardsonTexas
47.4%
Round RockTexas
47.1%
EdisonNew Jersey
46.8%
WilmingtonNorth Carolina
46.3%
RosevilleCalifornia
45.7%
Daly CityCalifornia
45.4%
PearlandTexas
45.2%
MurfreesboroTennessee
44.8%
FriscoTexas
44.5%
HialeahFlorida
43.5%
HendersonNevada
43.5%
FairfieldCalifornia
43.3%
FayettevilleNorth Carolina
43.2%
ElizabethNew Jersey
43.2%
PatersonNew Jersey
43.1%
BellevueWashington
43.1%
NapervilleIllinois
42.8%
Elk GroveCalifornia
42.7%
DowneyCalifornia
42.5%
VictorvilleCalifornia
42.3%
DentonTexas
41.9%
MurrietaCalifornia
41.8%
McKinneyTexas
41.6%
Sandy SpringsFlorida
41.1%
League CityTexas
40.9%
LancasterCalifornia
40.7%
LewisvilleTexas
40.6%
ChandlerArizona
40.6%
AntiochCalifornia
40.4%
GreeleyColorado
39.9%
EverettWashington
39.7%
MiramarFlorida
39.6%
DavieFlorida
38.2%
ConcordCalifornia
38.2%
Wichita FallsTexas
37.7%
HamptonVirginia
37.2%
BrandonFlorida
37%
Overland ParkKansas
37%
NorwalkCalifornia
37%
Grand PrairieTexas
36.2%
ClarksvilleTennessee
35.6%
Spring HillFlorida
35.5%
CarrolltonTexas
35.5%
KentWashington
35.1%
Pembroke PinesFlorida
35%
ElginIllinois
34.4%
Highlands RanchColorado
34.2%
RentonWashington
34%
High PointNorth Carolina
32.3%
GilbertArizona
31.9%
HillsboroOregon
31.2%
SurpriseArizona
30.2%
ClintonMichigan
28.7%
CaryNorth Carolina
28.6%
OlatheKansas
28.2%
CentennialColorado
27.7%
Sterling HeightsMichigan
27.3%
WarrenMichigan
26.2%
LakewoodColorado
24.2%
West Valley CityUtah
23.9%
ArvadaColorado
22.5%
West JordanUtah
22.4%
WestminsterColorado
18%
ThorntonColorado
16.8%
GreshamOregon
16.5%

You're not logged in!

Compare scores with friends on all Sporcle quizzes.
OR
Log In

You Might Also Like...

Show Comments

Extras

Top Quizzes Today


Score Distribution

Your Account Isn't Verified!

In order to create a playlist on Sporcle, you need to verify the email address you used during registration. Go to your Sporcle Settings to finish the process.

Report this User

Report this user for behavior that violates our Community Guidelines.

Details: